00679 2200205 4500001002100000005001500021035002000036007000300056008004100059020000600100082000800106084001400114100004700128245015100175260006000326300002800386700003600414250000600450990001700456INLIS00000000000019720260423085553 a0010-0323000091ta260423 e 0 ind  a- a173 a173 ALI p0 aAlimatul Qibtiyah.Ph.D , Dkk ( Pengarang )1 aPengasuhan Anak & Komunikasi suami istri Menuju Keluarga Sakinah :bmodil pelatihan /cAlimatul Qibtiyah.Ph.D , Dkk ; editor, Drs. Misma Kasim M.A aYogyakarta :bAMT ( PP Aisyoyah Majlis Tabligh ),c2012 a80 :bilus. ;c14 cme-0 aDrs. Misma Kasim M.A ( Editor ) a- a00001/K/2013